<?xml version="1.0" encoding="UTF-8"?>
<collection xmlns="http://www.loc.gov/MARC21/slim">
  <record>
    <leader>00000nam  2200000   4500</leader>
    <controlfield tag="001">INLIS000000000000630</controlfield>
    <controlfield tag="005">20180724135618</controlfield>
    <controlfield tag="008">180724|||||||||   |   |||   |||| ||   | </controlfield>
    <datafield tag="035" ind1=" " ind2=" ">
      <subfield code="0">010-0718000630</subfield>
    </datafield>
    <datafield tag="041" ind1=" " ind2=" ">
      <subfield code="a">id</subfield>
    </datafield>
    <datafield tag="082" ind1=" " ind2=" ">
      <subfield code="a">014</subfield>
    </datafield>
    <datafield tag="090" ind1=" " ind2=" ">
      <subfield code="a">R.014 PIM I 2015</subfield>
    </datafield>
    <datafield tag="100" ind1=" " ind2=" ">
      <subfield code="a">Haryanti, Woro Titi</subfield>
    </datafield>
    <datafield tag="245" ind1=" " ind2=" ">
      <subfield code="a">Optimalisasi Perpustakaan Digital di Perpustakaan Nasional sebagai Repositori Informasi Nasional untuk Meningkatkan Akses Informasi Kepada Masyarakat</subfield>
    </datafield>
    <datafield tag="260" ind1=" " ind2=" ">
      <subfield code="a">Jakarta</subfield>
      <subfield code="b">LAN Jakarta</subfield>
      <subfield code="c">2015</subfield>
    </datafield>
    <datafield tag="300" ind1=" " ind2=" ">
      <subfield code="a">30 hlm.</subfield>
    </datafield>
    <datafield tag="500" ind1=" " ind2=" ">
      <subfield code="a">Proyek perubahan ini bertujuan untuk membangun repositori informasi nasional yang lengkap dan berkelanjutan, mewujudkan akses terhadap koleksi dan layanan perpustakaan secara on line yang berbasis web secara optimal dan untuk mewujudkan kolaborasi antar perpustakaan dalam pengembangan koleksi dan layanan perpustakaan secara optimal.  Pembangunan repositori yang lengkap dan berkelanjutan yang dapat diakses oleh semua pemustaka.</subfield>
    </datafield>
    <datafield tag="650" ind1=" " ind2=" ">
      <subfield code="a">Perpustakaan Digital</subfield>
    </datafield>
  </record>
</collection>
